أركان الإسلام : الوضوء -الأذان -الإقامة -الصلاة-الدعاء - الصوم - الزكاة -الحج / (رقم التسجيلة. 126830)
[ عرض عادي ]
| 000 -LEADER | |
|---|---|
| fixed length control field | 00707nam a22001937a 4500 |
| 005 - DATE AND TIME OF LATEST TRANSACTION | |
| control field | 20251108175128.0 |
| 008 - FIXED-LENGTH DATA ELEMENTS--GENERAL INFORMATION | |
| fixed length control field | 250721s9999 xx 000 0 ara d |
| 082 14 - DEWEY DECIMAL CLASSIFICATION NUMBER | |
| Classification number | ط/216.2/أرك |
| 245 10 - TITLE STATEMENT | |
| Title | أركان الإسلام : الوضوء -الأذان -الإقامة -الصلاة-الدعاء - الصوم - الزكاة -الحج / |
| 264 1# - PRODUCTION, PUBLICATION, DISTRIBUTION, MANUFACTURE, AND COPYRIGHT NOTICE | |
| Place of production, publication, distribution, manufacture | بيروت : |
| Name of producer, publisher, distributor, manufacturer | المستقبل الرقمي، |
| 300 ## - PHYSICAL DESCRIPTION | |
| Extent | 14ص. |
| 490 0# - SERIES STATEMENT | |
| Series statement | طفلك يتعلم امور دينية ...خطوة ...خطوة |
| 650 17 - SUBJECT ADDED ENTRY--TOPICAL TERM | |
| Topical term or geographic name as entry element | الاطفال |
| 650 17 - SUBJECT ADDED ENTRY--TOPICAL TERM | |
| Topical term or geographic name as entry element | التعلم |
| 650 17 - SUBJECT ADDED ENTRY--TOPICAL TERM | |
| Topical term or geographic name as entry element | أركان الاسلام |
| 653 ## - INDEX TERM--UNCONTROLLED | |
| Uncontrolled term | اطفال مرحلة متوسطة (6-9) سنوات |
| 942 ## - ADDED ENTRY ELEMENTS (KOHA) | |
| Source of classification or shelving scheme | Dewey Decimal Classification |
| Koha item type | كتب |
| حالة السحب | حالة الفقدان | مصدر التصنيف | حالة التلف | غير قابل للإعارة | المكتبة الرئيسية | المكتبة الحالية | موقع الرف | تاريخ التزويد | الرقم المتسلسل | Total Checkouts | رقم الإستدعاء | الباركود | تاريخ آخر ظهور | تاريخ الفاتورة | نوع المادة (كوها) |
|---|---|---|---|---|---|---|---|---|---|---|---|---|---|---|---|
| Dewey Decimal Classification | المكتبة المركزية | المكتبة المركزية | الأطفال | 28/07/2025 | 1544309 | ط/216.2/أرك | PLD00263964 | 28/07/2025 | 28/07/2025 | كتب | |||||
| Dewey Decimal Classification | مكتبة البشائر للأطفال | مكتبة البشائر للأطفال | الأطفال | 17/02/2013 | 1544321 | ط/216.2/أرك | PLD00264237 | 28/07/2025 | 17/02/2013 | كتب | |||||
| Dewey Decimal Classification | مكتبة أبو علندا العامة | مكتبة أبو علندا العامة | الأطفال | 17/02/2013 | 1544337 | ط/216.2/أرك | PLD00264241 | 28/07/2025 | 17/02/2013 | كتب | |||||
| Dewey Decimal Classification | مكتبة أم المؤمنين للأطفال | مكتبة أم المؤمنين للأطفال | الأطفال | 17/02/2013 | 1544329 | ط/216.2/أرك | PLD00264239 | 28/07/2025 | 17/02/2013 | كتب | |||||
| Dewey Decimal Classification | مكتبة الأميرة ايمان العامة | مكتبة الأميرة ايمان العامة | الأطفال | 17/02/2013 | 1544313 | ط/216.2/أرك | PLD00264235 | 28/07/2025 | 17/02/2013 | كتب | |||||
| Dewey Decimal Classification | مكتبة البيادر | مكتبة البيادر | الأطفال | 17/02/2013 | 1544345 | ط/216.2/أرك | PLD00264243 | 28/07/2025 | 17/02/2013 | كتب | |||||
| Dewey Decimal Classification | مكتبة الجويدة | مكتبة الجويدة | الأطفال | 17/02/2013 | 1544341 | ط/216.2/أرك | PLD00264242 | 28/07/2025 | 17/02/2013 | كتب | |||||
| Dewey Decimal Classification | مكتبة الراية الهاشمية للأطفال | مكتبة الراية الهاشمية للأطفال | الأطفال | 17/02/2013 | 1544325 | ط/216.2/أرك | PLD00264238 | 28/07/2025 | 17/02/2013 | كتب | |||||
| Dewey Decimal Classification | مكتبةمؤتة | مكتبةمؤتة | الأطفال | 17/02/2013 | 1544317 | ط/216.2/أرك | PLD00264236 | 28/07/2025 | 17/02/2013 | كتب |